2 Minute Case Studies- Brighton Quiz Stats

 Plays Quiz not verified by Sporcle

Challenge
Share
Tweet
Embed
Score 0/10 Timer 02:00
0 Plays Today
Question Answer % Correct
Parking and servicing for what mode of transport is found at the rear of the station?Bikes
85.7%
Who is responsible for managing the transport system within the city?Brighton and Hove City Council
85.7%
What have been relegated to the rear of the station?Private cars
71.4%
Zones of what speed have been introduced across Brighton?20mph
71.4%
What is found nearby to the taxi rank at Brighton station?Bus interchange
57.1%
At Brighton station, what do the trains lead to?Taxi Rank
57.1%
What has been changed on Lewes Road to encourage use of bikes or buses instead of cars?Lanes
57.1%
Who are always consulted on the types of transport environment they want?Public
57.1%
What is the name of the road that has become a shared space with no delineation of the carriageway?New Road
57.1%
After the regeneration of New Road, what percentage less cars have travelled along the road?93%
57.1%

You're not logged in!

Compare scores with friends on all Sporcle quizzes.
Join for Free
OR
Log In

You Might Also Like...

Show Comments

Extras

Top Quizzes Today


Score Distribution

Your Account Isn't Verified!

In order to create a playlist on Sporcle, you need to verify the email address you used during registration. Go to your Sporcle Settings to finish the process.

Report this User

Report this user for behavior that violates our Community Guidelines.

Details: